| 000 | 00367nam a2200157Ia 4500 | ||
|---|---|---|---|
| 008 | 210210b1933 xxu||||| |||| 00| 0 eng d | ||
| 041 | _aeng | ||
| 082 | _a822/144 | ||
| 100 | _aBOAS (Guy) Ed | ||
| 245 | _aPunch anthology | ||
| 260 |
_aLondon _bMacmillan & Co. Ltd. _c1933 |
||
| 650 | _aPunch | ||
| 650 | _aanthology | ||
| 690 | _aEnglish Prose | ||
| 906 | _a012331 | ||
| 999 |
_c131126 _d131126 |
||